| 000 | 00859nam a2200193 i 4500 | ||
|---|---|---|---|
| 001 | 146826 | ||
| 003 | ES-MaACL | ||
| 005 | 20230906201701.0 | ||
| 007 | t| | ||
| 008 | 070918s1946 dr ||||1| spa d | ||
| 100 | 1 |
_aTrujillo Molina, Rafael Leónidas. _9111579 |
|
| 245 | 1 | 0 |
_aDiscurso pronunciado por su Excelencia el Doctor Rafael Leónidas Trujillo Molina, presidente de la República, al inaugurar el IV Congreso Médico Dominicano en la ciudad de Santiago de los Caballeros, 30 de marzo de 1946 _b: [progreso sanitario conseguido durante mi presidencia]. |
| 260 |
_aCiudad Trujillo : _bLuis Sánchez Andújar, _c1946. |
||
| 300 |
_a18 p. ; _c21 cm. |
||
| 500 | _aPrecede al tít: República Dominicana. | ||
| 500 | _aRetr. del autor. | ||
| 651 | 4 |
_aRepública Dominicana- _xPolítica y gobierno- _y1930-1961. _9169290 |
|
| 852 |
_aES-MaACL _j1867-F-3 |
||
| 999 |
_c146826 _d146826 |
||